Real estate in management

Bibliographic Details
Main Author: Parkinson, C. Northcote
Other Authors: Rustomji, M.K
Format: Book
Published: Singapore : Federal Publication , c1986
Subjects:

MARC

LEADER 00000cam a2200000 7i4500
001 0000000105
005 20030609.0
020 |a 9971404583 
040 |a INS 
090 0 0 |a HD31   |b P38 1986 
100 1 |a Parkinson, C. Northcote 
245 1 0 |a Real estate in management   |c C. Northcote Parkinson and M.K.Rustomji 
260 |a Singapore :   |b Federal Publication ,   |c c1986 
300 |a vi, 153p. :   |b ill ;   |c 19 cm. 
650 0 0 |a Management 
700 1 |a Rustomji, M.K. 
999 |a 0000003116   |b BOOK   |c Open Shelf   |e Default branch